¿Es la pobreza un determinante crucial de la participación económica de niños, niñas y adolescentes? (Registro nro. 34655)

Detalles MARC
000 -LEADER
fixed length control field 00454 a2200121 4500
001 - CONTROL NUMBER
control field ART_45085
005 - DATE AND TIME OF LATEST TRANSACTION
control field 20260410162038.0
008 - FIXED-LENGTH DATA ELEMENTS--GENERAL INFORMATION
fixed length control field 260409a
100 1# - MAIN ENTRY--PERSONAL NAME
Personal name Paz, Jorge Augusto
245 10 - TITLE STATEMENT
Title ¿Es la pobreza un determinante crucial de la participación económica de niños, niñas y adolescentes?
700 1# - ADDED ENTRY--PERSONAL NAME
Personal name Piselli, Carolina
773 0# - HOST ITEM ENTRY
Title Revista de estudios regionales y mercado de trabajo
Related parts - Nº 5 (ene./dic. 2009)
Record control number REV44894

No hay ítems disponibles.